000 00649nam a22002297a 4500
003 UA-OsUOA
001 30505
007 ta
008 20041110b un ||||| |||| 00| 0 ukr d
090 _a82.09(470+571)
_bП78
942 _cBK
040 _aUA-OsUOA
_brus
_cUA-OsUOA
_dUA-OsUOA
245 _aПроблемы изучения Герцена
_cРед. В. П.Волгин Ю. Г.Оксман Л. Д.Опульская
300 _a536 с.
_bІлюстрації
955 _a0
041 _arus
080 _a82.09(470+571)
260 _aМосква
_bИзд-во АН СССР
_c1963
044 _aRU
650 7 _2UDC
999 _c316917
_d316917